00602nam a22001817a 450000500170000001000150001702000270003203500140005903700130007308200140008624501220010026000450022227000680026730000250033570000200036070000190038070000210039920220622142806.0 aENG-133319 a9780190121150c1495.00 aEN-116851 bDBAD/PUB a362.10954 aIndian Public Finance and Policy Report:bHealth Matters/cEdited by Jyotsna Jalan, Sugata Marjit And Sattwik Santra  aNew DelhibOxford University Pressc2020 a22 Workspace, 2nd floor, 1/22 Asaf Ali Road,bNew Delhie110002 axvi,166p.c28cm(pbk) aJalan, Jyotsana aMarjit, Sugata aSantra, Sattwik